000 00322nam a2200121Ia 4500
008 190216s9999||||xx |||||||||||||| ||und||
100 _aVallathol Narayanamenon
245 0 _aAchanum Makalum
260 _b"Vallathol Grandhalayam, Cheruthuruthi"
_c1967
300 _a64p
650 _aMalayalam Kavitha
942 _cBK
999 _c26396
_d26396